1166 1119 1103 1052 1819 1895 1661 1828 1081 1592 1493 1381 1307 1020 1983 1143 1135 1887 1713 1454 1839 1882 1864 1257 1886 1284 1177 1517 1975 1208 1628 1105 1614 1001 1931 1859 1804 1268 1450 1612 1374 1714 1562 1035 1769 1493 1595 1159 1591 1536 1617 1290 1134 1087 1084 1921 1596 1010 1866 1694 1289 1030 1786 1094 1351 1897 1024 1389 1747 1743 1176 1288 1297 1931 1344 1797 1811 1519 1018 1972 1242 1337 1056 1425 1203 1633 1832 1151 1220 1291 1706 1198 1917 1112 1330 1304 1954 1840 1368 BCNSPRNW ULIB Ver.6.0+V

เปลี่ยนเป็นภาษาไทย

Change to English
 แสดงรายละเอียดบรรณานุกรม
  กลับหน้าหลัก

Brief Record : Get Marc (ISO 2709) : E-mail record : QR code < ปิดหน้าต่าง
LEADER : 00000nam 2200000uu 4500
001    13399128323
003     ULIB
008    230607s2561||||th 000 0 tha d
020    ^a9786163983374
060  0 ^aWY152^bศ352ก^cล.1
100 0  ^aศิริรัตน์ ปานอุทัย
245 00 ^aการพยาบาลผู้สูงอายุ เล่ม 1 /^cศิริรัตน์ ปานอุทัย
250    ^aพิมพ์ครังที่ 2
260    ^aเชียงใหม่ : ^bโครงการตำราคณะพยาบาลศาสตร์ มหาวิทยาลัยเชียงใหม่,^c2561.
300    ^a224 หน้า
650  0 ^aการพยาบาล--ผู้สูงอายุ
945    ^p200^l0^i29531
945    ^p200^l0^i29532
945    ^p200^l0^i29533
945    ^p200^l0^i29534
945    ^p200^l0^i29535
999    ^aกัณชพร จุลอักษร
รายการนี้ยังไม่มีแท็ก
คุณยังไม่ได้ล็อกอิน คุณสามารถมีกิจกรรมร่วมกับเว็บไซต์ได้ แต่ต้องล็อกอินก่อน ::
  ล็อกอิน

รายการสื่อสารสนเทศ

ลำดับที่ ประเภท เลขเรียก/บาร์โค้ด สถานที่ สถานะ
1. หนังสือสำรอง
หนังสือสำรอง
WY152 ศ352ก ล.1 ฉ.1 
  Barcode: 29531
ห้องสมุดวิทยาเขตนครสวรรค์
►หนังสือทั่วไป:l:General Books
บนชั้น
2. วิทยาศาสตร์การแพทย์ และสุขภาพ
วิทยาศาสตร์การแพทย์ และสุขภาพ
WY152 ศ352ก ล.1 ฉ.2 
  Barcode: 29532
ห้องสมุดวิทยาเขตนครสวรรค์
►หนังสือทั่วไป:l:General Books
บนชั้น
3. วิทยาศาสตร์การแพทย์ และสุขภาพ
วิทยาศาสตร์การแพทย์ และสุขภาพ
WY152 ศ352ก ล.1 ฉ.3 
  Barcode: 29533
ห้องสมุดวิทยาเขตนครสวรรค์
►หนังสือทั่วไป:l:General Books
บนชั้น
4. วิทยาศาสตร์การแพทย์ และสุขภาพ
วิทยาศาสตร์การแพทย์ และสุขภาพ
WY152 ศ352ก ล.1 ฉ.4 
  Barcode: 29534
ห้องสมุดวิทยาเขตนครสวรรค์
►หนังสือทั่วไป:l:General Books
บนชั้น
5. วิทยาศาสตร์การแพทย์ และสุขภาพ
วิทยาศาสตร์การแพทย์ และสุขภาพ
WY152 ศ352ก ล.1 ฉ.5 
  Barcode: 29535
ห้องสมุดวิทยาเขตนครสวรรค์
►หนังสือทั่วไป:l:General Books
บนชั้น

รายการใกล้เคียง
    ผู้แต่ง [ศิริรัตน์ ปานอุทัย]

    หัวเรื่อง [การพยาบาล--ผู้สูงอายุ]

BibComment


ยังไม่เคยถูกคอมเมนท์

คอมเมนท์ทรัพยากรรายการนี้
  คอมเมนท์: การพยาบาลผู้สูงอ..


 Copyright 2026. Bcnsprnw @Library